1駅区間列車の始発駅・終着駅 - Statistics

General Stats
  • This quiz has been taken 439 times
    205 since last reset
  • The average score is 32 of 118
Answer Stats
距離(km) 始発駅・終着駅 ヒント % Correct
8.5 博多 JR西日本
74%
67.2 博多 JR西日本
74%
1.0 大師前 大手私鉄
69%
67.2 小倉 JR西日本
69%
1.0 西新井 大手私鉄
68%
8.5 博多南 JR西日本
68%
0.8 上飯田 地下鉄
63%
3.5 新宿 大手私鉄
58%
3.6 新宿 大手私鉄
58%
4.8 新宿 JR東日本
58%
0.8 平安通 地下鉄
55%
2.1 綾瀬 大手私鉄
55%
2.1 北綾瀬 大手私鉄
55%
46.1 鹿児島中央 JR九州
52%
4.8 池袋 JR東日本
51%
46.1 川内 JR九州
51%
2.7 兵庫 JR西日本
50%
2.7 和田岬 JR西日本
50%
3.6 笹塚 大手私鉄
47%
3.5 代々木上原 大手私鉄
43%
0.9 府中競馬正門前 大手私鉄
41%
0.9 東府中 大手私鉄
40%
2.6 宮崎 JR九州
40%
2.2 長門市 JR西日本
39%
5.1 長門市 JR西日本
39%
1.0 練馬 大手私鉄
38%
1.0 豊島園 大手私鉄
38%
1.2 品川 大手私鉄
38%
2.0 多摩動物公園 大手私鉄
38%
2.2 仙崎 JR西日本
38%
5.5 三島 JR東海
38%
5.5 沼津 JR東海
38%
6.3 門司 JR九州
38%
6.3 下関 JR九州
38%
2.0 高幡不動 大手私鉄
37%
1.2 泉岳寺 大手私鉄
36%
2.6 南宮崎 JR九州
36%
3.9 新青森 JR東日本
36%
2.4 西武園 大手私鉄
35%
3.9 青森 JR東日本
35%
1.5 東名古屋港 大手私鉄
34%
2.8 和歌山市 大手私鉄
34%
2.8 和歌山港 大手私鉄
34%
45.9 敦賀 JR西日本
34%
1.5 大江 大手私鉄
33%
1.7 東羽衣 JR西日本
33%
2.4 東村山 大手私鉄
33%
45.9 米原 JR西日本
33%
1.7 JR西日本
32%
2.1 北千住 大手私鉄
32%
10.6 札幌 JR北海道
31%
2.1 南千住 大手私鉄
30%
1.3 中野富士見町 大手私鉄
26%
1.3 方南町 大手私鉄
26%
5.4 西船橋 JR東日本
26%
10.6 手稲 JR北海道
26%
5.4 南船橋 JR東日本
25%
34.4 長野 JR・3セク
25%
34.4 上田 JR・3セク
24%
5.8 勝田 JR東日本
23%
5.8 水戸 JR東日本
23%
2.4 三原 JR西日本
22%
5.0 豊橋 大手私鉄
22%
1.8 京王八王子 大手私鉄
21%
5.0 伊奈 大手私鉄
21%
1.8 北野 大手私鉄
20%
2.4 糸崎 JR西日本
20%
1.5 諫早 第3セクター
18%
8.5 鳴門 JR四国
18%
1.5 本諫早 第3セクター
14%
1.8 大垣 中小私鉄
14%
3.9 東能代 JR東日本
14%
3.9 能代 JR東日本
14%
4.8 出雲市 JR西日本
14%
4.8 西出雲 JR西日本
14%
8.5 池谷 JR四国
14%
2.6 田川後藤寺 JR九州
13%
4.8 八代 第3セクター
13%
13.3 田川後藤寺 JR九州
13%
14.4 深川 JR北海道
13%
14.4 石狩沼田 JR北海道
13%
1.8 西大垣 中小私鉄
12%
2.6 国分 JR九州
12%
4.3 指宿 JR九州
12%
6.9 西舞鶴 JR西日本
12%
6.9 東舞鶴 JR西日本
12%
18.3 古市 大手私鉄
12%
1.2 新津田沼 大手私鉄
11%
1.2 京成津田沼 大手私鉄
11%
1.8 守谷 中小私鉄
11%
1.8 新守谷 中小私鉄
11%
2.5 有馬口 中小私鉄
11%
2.5 有馬温泉 中小私鉄
11%
2.6 隼人 JR九州
11%
2.6 田川伊田 JR九州
11%
4.3 山川 JR九州
11%
6.7 上諏訪 JR東日本
11%
13.3 新飯塚 JR九州
11%
18.3 大阪阿部野橋 大手私鉄
11%
2.3 金谷 中小私鉄
10%
2.3 新金谷 中小私鉄
10%
6.7 茅野 JR東日本
10%
1.7 中山 地下鉄
9%
2.6 日生中央 中小私鉄
9%
3.8 印西牧の原 第3セクター
9%
3.8 印旛日本医大 第3セクター
9%
5.1 長門三隅 JR西日本
9%
1.7 川和町 地下鉄
8%
2.6 山下 中小私鉄
8%
2.8 新白河 JR東日本
7%
4.8 肥後高田 第3セクター
7%
5.0 上月 JR西日本
7%
2.8 白河 JR東日本
6%
4.2 厚狭 JR西日本
6%
5.0 佐用 JR西日本
6%
1.3 足尾 第3セクター
3%
1.3 間藤 第3セクター
3%
4.2 湯ノ峠 JR西日本
3%
No matching quizzes found
Score Distribution
Percent of People with Each Score
Percentile by Number Answered
Your Score History
You have not taken this quiz since the last reset